00729cam a2200205 a 450000500170000002000180001704100080003508200160004310000230005924500540008226000280013630000280016450000200019265000480021265000420026065000240030294200120032699900170033895201680035520260504140443.0 a9780814474754 aENG00a658.72bANK1 aAnklesaria, Jimmy.10aSupply chain cost management /cJimmy Anklesaria. aNew York :bJAICOc2011 axxiii, 230 p. ;c24 cm. aIncludes index. 0aIndustrial procurementxCost effectiveness. 0aIndustrial procurementxCost control. 0aBusiness logistics. 2ddccBK c24342d24342 00102ddc4070aIPEbIPEcS Campusd2026-05-04eGifted by Prof. S. Sathish Kumar (IPE Faculty )g325.00l0o658.72 ANKp51035r2026-05-04 14:07:17w2026-05-04yBK